Get the Picture: Benicio del Toro or Javier Bardem? Quiz Stats

 Plays Quiz Updated Mar 4, 2019

Score 0/20 Timer 02:00
68 Plays Today
Question Answer Wrong Answers
No Country for Old Men (2007) Javier Bardem
86.2%
Benicio del Toro
11.4%
The Usual Suspects (1995) Benicio del Toro
86.1%
Javier Bardem
11.3%
Traffic (2000) Benicio del Toro
80.7%
Javier Bardem
16.2%
Snatch (2000) Benicio del Toro
80.3%
Javier Bardem
16.6%
Fear and Loathing in Las Vegas (1998) Benicio del Toro
80%
Javier Bardem
17%
Skyfall (2012) Javier Bardem
79%
Benicio del Toro
18.3%
Sin City (2005) Benicio del Toro
77.6%
Javier Bardem
19.3%
Vicky Cristina Barcelona (2008) Javier Bardem
77.5%
Benicio del Toro
19.7%
21 Grams (2003) Benicio del Toro
74.2%
Javier Bardem
22.4%
Mother! (2017) Javier Bardem
73.8%
Benicio del Toro
23%
Biutiful (2010) Javier Bardem
72.2%
Benicio del Toro
24.9%
Sicario (2015) Benicio del Toro
71.9%
Javier Bardem
25%
Goya's Ghosts (2006) Javier Bardem
70.1%
Benicio del Toro
26.4%
The Wolfman (2010) Benicio del Toro
68.2%
Javier Bardem
28.5%
Star Wars: Episode VIII - The Last Jedi (2017) Benicio del Toro
67.1%
Javier Bardem
29.7%
The Sea Inside (2004) Javier Bardem
66.2%
Benicio del Toro
30.3%
The Dancer Upstairs (2002) Javier Bardem
61.9%
Benicio del Toro
34.9%
The Hunted (2003) Benicio del Toro
58.7%
Javier Bardem
37.7%
Before Night Falls (2000) Javier Bardem
57.5%
Benicio del Toro
38.9%
Live Flesh (1997) Javier Bardem
50.8%
Benicio del Toro
46%

Today's Daily Dose

Missing Word
Twenty One Pilots

Word Ladder
Van Halen Song

Quick Pick
'P' Literature

You're not logged in!

Compare scores with friends on all Sporcle quizzes.
OR
Log In

Show Comments

Extras

Top Quizzes Today


Score Distribution

Your Account Isn't Verified!

In order to create a playlist on Sporcle, you need to verify the email address you used during registration. Go to your Sporcle Settings to finish the process.

Report this User

Report this user for behavior that violates our Community Guidelines.

Details: